000 01390cab a2200241 4500
001 E2307
008 090401t1995 xxu||||| |||| 00| 0 eng d
035 _a(Sirsi) u38711
041 _aeng
245 _aMcCarthy & Stone (Developments) Limited v Smith
260 _c1995
350 _a0
490 _aScots Law Times
_v1995 SLT(Lands Tr) 19-27(9)
520 _aLands Tribunal for Scotland. R A Edwards, WS; J Devine, FRICS. 14 April 1994 Heritable property - land obligations - discharge of obligations in favour of superiors - superiors taken bound to impose similar obligations on co-feuars as servitudes in favour of feuars - subsequent consolidation of dominium utile and dominium directum - whether obligations subsisting and enforceable by co-feuars - competency of application - Conveyancing and Feudal Reform (Scotland) Act 1970 (c35), s2(6). Heritable property - real burden - obligations in favour of superiors - superiors taken bound to impose similar obligations on co-feuars as servitudes in favour of fuears - title and interest to enforce obligations - ius quaesitum tertio.
650 _aCONVEYANCING AND FEUDAL REFORM (SCOTLAND) ACT 1970
650 _aLAND OBLIGATIONS
650 _aLANDS TRIBUNAL FOR SCOTLAND
650 _aRESTRICTIVE COVENANTS
650 _aSCOTS LAW
690 _aPROPERTY LAW AND PRACTICE-CASE LAW
942 _n0
948 _c04/03/1997
999 _c24866
_d24866